Statistics for NFL - Madden 20-24 - Guess the 99 Club

Click here to take the quiz!

General Stats

  • This quiz has been taken 278 times
  • The average score is 8 of 12

Answer Stats

HintAnswer% Correct
QBPatrick Mahomes
99%
TETravis Kelce
92%
WRJustin Jefferson
91%
DTAaron Donald
80%
CBJalen Ramsey
73%
WRDavante Adams
70%
RGZack Martin
67%
LTTrent Williams
63%
RBChristian McCaffrey
62%
REMyles Garrett
56%
CBStephon Gilmore
33%
WRMichael Thomas
21%

Score Distribution

Percentile by Number Answered

Percent of People with Each Score

Your Score History

You have not taken this quiz